[Event "English Schools Championship Final 2024"]
[Site "Nottingham University Kings Meadow Campus, United Kingdom"]
[Date "2024.06.27"]
[Round "3.69"]
[White "Moore, Ryan"]
[Black "Berry, Namam"]
[Result "1-0"]
[TimeControl "G50' + 10\" per move."]
[WhiteFideId "343415350"]
[BlackFideId "343432492"]
[WhiteElo "1553"]
[BlackElo "1466"]

1. e4 {[%clk 00:50:18]} {[%emt 00:00:02]} e5 {[%clk 00:50:12]} {[%emt
00:00:08]} 2. Nc3 {[%clk 00:50:22]} {[%emt 00:00:06]} Nc6 {[%clk 00:50:00]}
{[%emt 00:00:22]} 3. Bc4 {[%clk 00:50:30]} {[%emt 00:00:02]} Nf6 {[%clk
00:49:20]} {[%emt 00:00:50]} 4. d3 {[%clk 00:50:26]} {[%emt 00:00:14]} h6
{[%clk 00:49:06]} {[%emt 00:00:24]} 5. Be3 {[%clk 00:49:25]} {[%emt 00:01:11]}
Bb4 {[%clk 00:48:50]} {[%emt 00:00:26]} 6. Nge2 {[%clk 00:49:09]} {[%emt
00:00:26]} d6 {[%clk 00:48:28]} {[%emt 00:00:31]} 7. O-O {[%clk 00:48:57]}
{[%emt 00:00:09]} a6 {[%clk 00:47:21]} {[%emt 00:01:32]} 8. a3 {[%clk
00:48:45]} {[%emt 00:00:22]} Ba5 {[%clk 00:46:32]} {[%emt 00:00:58]} 9. b4
{[%clk 00:47:49]} {[%emt 00:01:06]} Bb6 {[%clk 00:46:33]} {[%emt 00:00:09]} 10.
Bxb6 {[%clk 00:47:55]} {[%emt 00:00:05]} cxb6 {[%clk 00:46:24]} {[%emt
00:00:18]} 11. f4 {[%clk 00:47:31]} {[%emt 00:00:33]} Ne7 {[%clk 00:45:06]}
{[%emt 00:01:28]} 12. Qe1 {[%clk 00:44:17]} {[%emt 00:03:25]} Qd7 {[%clk
00:40:56]} {[%emt 00:04:19]} 13. fxe5 {[%clk 00:41:34]} {[%emt 00:02:54]} dxe5
{[%clk 00:40:14]} {[%emt 00:00:52]} 14. Qg3 {[%clk 00:41:17]} {[%emt 00:00:27]}
Ng6 {[%clk 00:39:35]} {[%emt 00:00:49]} 15. b5 {[%clk 00:39:11]} {[%emt
00:02:17]} a5 {[%clk 00:38:27]} {[%emt 00:01:19]} 16. Nd5 {[%clk 00:37:19]}
{[%emt 00:02:02]} Nxd5 {[%clk 00:37:26]} {[%emt 00:01:11]} 17. Bxd5 {[%clk
00:37:22]} {[%emt 00:00:07]} O-O {[%clk 00:36:19]} {[%emt 00:01:17]} 18. Qxg6
{[%clk 00:37:14]} {[%emt 00:00:18]} Qxd5 {[%clk 00:34:37]} {[%emt 00:01:52]} 19.
Qxg7+ {[%clk 00:36:04]} {[%emt 00:01:20]} Kxg7 {[%clk 00:34:21]} {[%emt
00:00:26]} 20. exd5 {[%clk 00:36:09]} {[%emt 00:00:06]} Bg4 {[%clk 00:32:04]}
{[%emt 00:02:26]} 21. Ng3 {[%clk 00:35:48]} {[%emt 00:00:31]} Rad8 {[%clk
00:30:50]} {[%emt 00:01:24]} 22. c4 {[%clk 00:35:50]} {[%emt 00:00:09]} Kg6
{[%clk 00:29:00]} {[%emt 00:02:01]} 23. Rae1 {[%clk 00:35:21]} {[%emt
00:00:37]} f6 {[%clk 00:27:53]} {[%emt 00:01:17]} 24. h3 {[%clk 00:34:41]}
{[%emt 00:00:50]} Bd7 {[%clk 00:26:25]} {[%emt 00:01:38]} 25. Ne4 {[%clk
00:34:11]} {[%emt 00:00:40]} Bf5 {[%clk 00:25:27]} {[%emt 00:01:10]} 26. Nf2
{[%clk 00:32:53]} {[%emt 00:01:27]} Kg7 {[%clk 00:23:48]} {[%emt 00:01:48]} 27.
Re3 {[%clk 00:32:05]} {[%emt 00:00:59]} Kf7 {[%clk 00:22:11]} {[%emt 00:01:46]}
28. Nd1 {[%clk 00:31:35]} {[%emt 00:00:40]} Bc8 {[%clk 00:21:00]} {[%emt
00:01:18]} 29. Rxe5 {[%clk 00:30:55]} {[%emt 00:00:53]} Kg6 {[%clk 00:19:54]}
{[%emt 00:01:16]} 30. Re3 {[%clk 00:30:06]} {[%emt 00:00:58]} Rg8 {[%clk
00:18:25]} {[%emt 00:01:41]} 31. Rg3+ {[%clk 00:28:56]} {[%emt 00:01:20]} Kf7
{[%clk 00:18:05]} {[%emt 00:00:27]} 32. Rxg8 {[%clk 00:28:28]} {[%emt
00:00:41]} Rxg8 {[%clk 00:18:03]} {[%emt 00:00:13]} 33. Kh2 {[%clk 00:28:04]}
{[%emt 00:00:33]} Ke7 {[%clk 00:17:38]} {[%emt 00:00:34]} 34. Nc3 {[%clk
00:27:46]} {[%emt 00:00:28]} f5 {[%clk 00:16:13]} {[%emt 00:01:35]} 35. Na4
{[%clk 00:27:29]} {[%emt 00:00:28]} Rg6 {[%clk 00:15:42]} {[%emt 00:00:41]} 36.
d4 {[%clk 00:26:55]} {[%emt 00:00:43]} Rd6 {[%clk 00:14:50]} {[%emt 00:00:59]}
37. Nc3 {[%clk 00:26:36]} {[%emt 00:00:33]} Kd8 {[%clk 00:14:11]} {[%emt
00:00:41]} 38. Kg3 {[%clk 00:25:15]} {[%emt 00:01:39]} Rg6+ {[%clk 00:13:32]}
{[%emt 00:00:49]} 39. Kh2 {[%clk 00:24:21]} {[%emt 00:01:03]} Rd6 {[%clk
00:13:35]} {[%emt 00:00:07]} 40. g3 {[%clk 00:24:15]} {[%emt 00:00:16]} Bd7
{[%clk 00:12:50]} {[%emt 00:00:56]} 41. Ne2 {[%clk 00:23:56]} {[%emt 00:00:29]}
Bc8 {[%clk 00:11:10]} {[%emt 00:01:49]} 42. Nf4 {[%clk 00:23:47]} {[%emt
00:00:19]} Ke7 {[%clk 00:10:23]} {[%emt 00:00:57]} 43. Re1+ {[%clk 00:23:28]}
{[%emt 00:00:30]} Kf6 {[%clk 00:10:06]} {[%emt 00:00:26]} 44. Re8 {[%clk
00:22:00]} {[%emt 00:00:25]} Bd7 {[%clk 00:09:16]} {[%emt 00:02:15]} 45. Rb8
{[%clk 00:21:42]} {[%emt 00:00:28]} Be6 {[%clk 00:08:07]} {[%emt 00:01:19]} 46.
Nxe6 {[%clk 00:21:31]} {[%emt 00:00:20]} Rxe6 {[%clk 00:07:56]} {[%emt
00:00:21]} 47. dxe6 {[%clk 00:21:26]} {[%emt 00:00:15]} Kxe6 {[%clk 00:07:56]}
{[%emt 00:00:10]} 48. Rxb7 {[%clk 00:21:24]} {[%emt 00:00:13]} Kf6 {[%clk
00:07:36]} {[%emt 00:00:30]} 49. Rxb6+ {[%clk 00:21:18]} {[%emt 00:00:16]} 1-0

[Event "English Schools Championship Final 2024"]
[Site "Nottingham University Kings Meadow Campus, United Kingdom"]
[Date "2024.06.27"]
[Round "3.70"]
[White "Ross, Ethan"]
[Black "Amir, Zain"]
[Result "0-1"]
[TimeControl "G50' + 10\" per move."]
[WhiteFideId "343411002"]
[BlackFideId "473227"]
[WhiteElo "1301"]
[BlackElo "1649"]

1. d4 {[%clk 00:50:18]} {[%emt 00:00:02]} Nc6 {[%clk 00:50:13]} {[%emt
00:00:07]} 2. Nf3 {[%clk 00:50:24]} {[%emt 00:00:04]} d6 {[%clk 00:50:17]}
{[%emt 00:00:06]} 3. e4 {[%clk 00:50:03]} {[%emt 00:00:31]} Nf6 {[%clk
00:50:20]} {[%emt 00:00:07]} 4. Nc3 {[%clk 00:49:49]} {[%emt 00:00:24]} Bg4
{[%clk 00:50:24]} {[%emt 00:00:06]} 5. Bb5 {[%clk 00:49:12]} {[%emt 00:00:47]}
a6 {[%clk 00:50:23]} {[%emt 00:00:10]} 6. Bxc6+ {[%clk 00:48:38]} {[%emt
00:00:45]} bxc6 {[%clk 00:50:26]} {[%emt 00:00:06]} 7. h3 {[%clk 00:48:34]}
{[%emt 00:00:15]} Bh5 {[%clk 00:50:31]} {[%emt 00:00:05]} 8. Bg5 {[%clk
00:47:35]} {[%emt 00:01:09]} e6 {[%clk 00:49:13]} {[%emt 00:01:28]} 9. g4
{[%clk 00:47:03]} {[%emt 00:00:42]} Bg6 {[%clk 00:49:11]} {[%emt 00:00:12]} 10.
Qe2 {[%clk 00:46:27]} {[%emt 00:00:46]} Be7 {[%clk 00:48:50]} {[%emt 00:00:30]}
11. Bxf6 {[%clk 00:45:30]} {[%emt 00:01:08]} Bxf6 {[%clk 00:48:35]} {[%emt
00:00:25]} 12. e5 {[%clk 00:45:12]} {[%emt 00:00:28]} Be7 {[%clk 00:48:22]}
{[%emt 00:00:23]} 13. h4 {[%clk 00:44:29]} {[%emt 00:00:54]} h5 {[%clk
00:48:09]} {[%emt 00:00:22]} 14. g5 {[%clk 00:43:58]} {[%emt 00:00:41]} d5
{[%clk 00:46:55]} {[%emt 00:01:24]} 15. Qe3 {[%clk 00:42:20]} {[%emt 00:01:49]}
Qb8 {[%clk 00:46:09]} {[%emt 00:00:55]} 16. O-O-O {[%clk 00:40:37]} {[%emt
00:01:53]} Qb4 {[%clk 00:45:15]} {[%emt 00:01:02]} 17. a3 {[%clk 00:38:44]}
{[%emt 00:02:04]} Qa5 {[%clk 00:44:28]} {[%emt 00:00:56]} 18. Ne2 {[%clk
00:38:12]} {[%emt 00:00:44]} c5 {[%clk 00:43:47]} {[%emt 00:00:51]} 19. Qc3
{[%clk 00:37:16]} {[%emt 00:01:06]} Qb6 {[%clk 00:42:35]} {[%emt 00:01:21]} 20.
Qb3 {[%clk 00:33:53]} {[%emt 00:03:33]} Qxb3 {[%clk 00:42:07]} {[%emt
00:00:38]} 21. cxb3 {[%clk 00:33:56]} {[%emt 00:00:06]} Rb8 {[%clk 00:42:02]}
{[%emt 00:00:15]} 22. dxc5 {[%clk 00:33:14]} {[%emt 00:00:53]} Be4 {[%clk
00:41:33]} {[%emt 00:00:39]} 23. Rh3 {[%clk 00:32:43]} {[%emt 00:00:41]} Rxb3
{[%clk 00:41:27]} {[%emt 00:00:15]} 24. Ned4 {[%clk 00:32:23]} {[%emt
00:00:31]} Rb7 {[%clk 00:40:28]} {[%emt 00:01:08]} 25. c6 {[%clk 00:31:58]}
{[%emt 00:00:35]} Rb6 {[%clk 00:38:30]} {[%emt 00:02:08]} 26. Nd2 {[%clk
00:31:19]} {[%emt 00:00:49]} Bg6 {[%clk 00:36:01]} {[%emt 00:02:39]} 27. Rb3
{[%clk 00:30:21]} {[%emt 00:01:08]} Rxb3 {[%clk 00:35:06]} {[%emt 00:01:06]} 28.
N2xb3 {[%clk 00:30:12]} {[%emt 00:00:19]} O-O {[%clk 00:34:54]} {[%emt
00:00:21]} 29. Na5 {[%clk 00:28:53]} {[%emt 00:01:29]} Bc5 {[%clk 00:34:11]}
{[%emt 00:00:54]} 30. Nb7 {[%clk 00:28:12]} {[%emt 00:00:51]} Bxd4 {[%clk
00:33:40]} {[%emt 00:00:41]} 31. Rxd4 {[%clk 00:28:14]} {[%emt 00:00:08]} f6
{[%clk 00:33:43]} {[%emt 00:00:07]} 32. exf6 {[%clk 00:26:07]} {[%emt
00:02:17]} gxf6 {[%clk 00:33:46]} {[%emt 00:00:07]} 33. f4 {[%clk 00:25:39]}
{[%emt 00:00:39]} fxg5 {[%clk 00:33:26]} {[%emt 00:00:29]} 34. fxg5 {[%clk
00:24:01]} {[%emt 00:01:47]} Rf1+ {[%clk 00:33:11]} {[%emt 00:00:25]} 35. Kd2
{[%clk 00:23:29]} {[%emt 00:00:43]} Rf2+ {[%clk 00:33:09]} {[%emt 00:00:11]} 36.
Kc3 {[%clk 00:22:58]} {[%emt 00:00:42]} Rc2+ {[%clk 00:33:03]} {[%emt
00:00:15]} 37. Kb3 {[%clk 00:22:43]} {[%emt 00:00:26]} Rxc6 {[%clk 00:32:59]}
{[%emt 00:00:14]} 38. Nd8 {[%clk 00:21:12]} {[%emt 00:01:41]} Rd6 {[%clk
00:32:48]} {[%emt 00:00:20]} 39. Nb7 {[%clk 00:20:52]} {[%emt 00:00:30]} Rb6+
{[%clk 00:32:41]} {[%emt 00:00:17]} 40. Rb4 {[%clk 00:20:45]} {[%emt 00:00:18]}
Kf8 {[%clk 00:31:56]} {[%emt 00:00:55]} 41. Nc5 {[%clk 00:20:12]} {[%emt
00:00:43]} Rd6 {[%clk 00:30:49]} {[%emt 00:01:16]} 42. Rb7 {[%clk 00:18:43]}
{[%emt 00:01:39]} d4 {[%clk 00:29:16]} {[%emt 00:01:44]} 43. Rxc7 {[%clk
00:17:38]} {[%emt 00:01:15]} d3 {[%clk 00:28:50]} {[%emt 00:00:35]} 44. Nd7+
{[%clk 00:17:16]} {[%emt 00:00:33]} Ke8 {[%clk 00:28:07]} {[%emt 00:00:53]} 45.
Nf6+ {[%clk 00:16:47]} {[%emt 00:00:39]} Kd8 {[%clk 00:28:03]} {[%emt
00:00:13]} 46. Rc1 {[%clk 00:15:17]} {[%emt 00:01:41]} Rd4 {[%clk 00:27:01]}
{[%emt 00:01:10]} 47. Kc3 {[%clk 00:14:03]} {[%emt 00:01:26]} Rxh4 {[%clk
00:26:53]} {[%emt 00:00:18]} 48. Re1 {[%clk 00:11:40]} {[%emt 00:02:32]} Bf5
{[%clk 00:25:01]} {[%emt 00:02:02]} 49. b4 {[%clk 00:10:20]} {[%emt 00:01:31]}
Rh2 {[%clk 00:24:14]} {[%emt 00:00:57]} 50. Ne4 {[%clk 00:08:56]} {[%emt
00:01:35]} Re2 {[%clk 00:23:02]} {[%emt 00:01:21]} 51. Rxe2 {[%clk 00:07:26]}
{[%emt 00:01:40]} dxe2 {[%clk 00:23:03]} {[%emt 00:00:09]} 52. Kd2 {[%clk
00:07:08]} {[%emt 00:00:28]} Bxe4 {[%clk 00:22:54]} {[%emt 00:00:19]} 53. Kxe2
{[%clk 00:07:02]} {[%emt 00:00:15]} Ke7 {[%clk 00:22:28]} {[%emt 00:00:36]} 54.
Ke3 {[%clk 00:07:00]} {[%emt 00:00:12]} Bc6 {[%clk 00:22:21]} {[%emt 00:00:14]}
55. Kf4 {[%clk 00:06:31]} {[%emt 00:00:42]} Kf7 {[%clk 00:21:49]} {[%emt
00:00:42]} 56. Ke5 {[%clk 00:05:43]} {[%emt 00:00:59]} Bd5 {[%clk 00:21:42]}
{[%emt 00:00:16]} 57. a4 {[%clk 00:05:21]} {[%emt 00:00:32]} Bc6 {[%clk
00:21:41]} {[%emt 00:00:11]} 58. a5 {[%clk 00:04:51]} {[%emt 00:00:40]} Kg6
{[%clk 00:21:39]} {[%emt 00:00:12]} 59. Kxe6 {[%clk 00:03:40]} {[%emt
00:01:21]} Kxg5 {[%clk 00:21:37]} {[%emt 00:00:13]} 60. Kd6 {[%clk 00:03:07]}
{[%emt 00:00:43]} Bb5 {[%clk 00:21:39]} {[%emt 00:00:08]} 61. Ke5 {[%clk
00:03:04]} {[%emt 00:00:13]} h4 {[%clk 00:21:31]} {[%emt 00:00:18]} 62. Ke4
{[%clk 00:02:46]} {[%emt 00:00:28]} Kg4 {[%clk 00:21:30]} {[%emt 00:00:11]} 63.
Ke3 {[%clk 00:02:30]} {[%emt 00:00:26]} Kg3 {[%clk 00:21:35]} {[%emt 00:00:05]}
64. Kd2 {[%clk 00:02:06]} {[%emt 00:00:34]} h3 {[%clk 00:21:38]} {[%emt
00:00:08]} 65. Kc3 {[%clk 00:01:51]} {[%emt 00:00:24]} h2 {[%clk 00:21:40]}
{[%emt 00:00:08]} 66. Kb3 {[%clk 00:01:47]} {[%emt 00:00:13]} h1=Q {[%clk
00:21:42]} {[%emt 00:00:09]} 67. Ka3 {[%clk 00:01:37]} {[%emt 00:00:20]} Qc1+
{[%clk 00:21:31]} {[%emt 00:00:20]} 68. Kb3 {[%clk 00:01:19]} {[%emt 00:00:29]}
Bc4+ {[%clk 00:21:33]} {[%emt 00:00:08]} 69. Ka4 {[%clk 00:01:19]} {[%emt
00:00:10]} Qa1# {[%clk 00:21:26]} {[%emt 00:00:05]} 0-1

[Event "English Schools Championship Final 2024"]
[Site "Nottingham University Kings Meadow Campus, United Kingdom"]
[Date "2024.06.27"]
[Round "3.71"]
[White "Goyal, Krish"]
[Black "Phillips, James"]
[Result "1-0"]
[TimeControl "G50' + 10\" per move."]
[WhiteFideId "14320274"]
[WhiteElo "1623"]
[BlackElo "1449"]

1. d4 {[%clk 00:50:18]} {[%emt 00:00:02]} Nf6 {[%clk 00:50:10]} {[%emt
00:00:11]} 2. Nf3 {[%clk 00:50:26]} {[%emt 00:00:02]} c5 {[%clk 00:50:11]}
{[%emt 00:00:08]} 3. g3 {[%clk 00:50:26]} {[%emt 00:00:10]} e6 {[%clk
00:49:58]} {[%emt 00:00:22]} 4. Bg2 {[%clk 00:50:33]} {[%emt 00:00:04]} Nc6
{[%clk 00:49:35]} {[%emt 00:00:32]} 5. Bf4 {[%clk 00:48:57]} {[%emt 00:01:45]}
Qb6 {[%clk 00:49:19]} {[%emt 00:00:23]} 6. b3 {[%clk 00:44:48]} {[%emt
00:04:23]} cxd4 {[%clk 00:48:23]} {[%emt 00:01:06]} 7. O-O {[%clk 00:43:59]}
{[%emt 00:00:58]} Bc5 {[%clk 00:46:46]} {[%emt 00:01:46]} 8. Nbd2 {[%clk
00:43:01]} {[%emt 00:01:09]} O-O {[%clk 00:46:06]} {[%emt 00:00:49]} 9. Nc4
{[%clk 00:42:26]} {[%emt 00:00:47]} Qb4 {[%clk 00:43:48]} {[%emt 00:02:20]} 10.
Nfe5 {[%clk 00:38:25]} {[%emt 00:04:19]} d5 {[%clk 00:42:12]} {[%emt 00:01:45]}
11. Nd3 {[%clk 00:34:00]} {[%emt 00:04:37]} Qb5 {[%clk 00:40:01]} {[%emt
00:02:16]} 12. a4 {[%clk 00:33:19]} {[%emt 00:00:56]} Qa6 {[%clk 00:39:36]}
{[%emt 00:00:32]} 13. Nxc5 {[%clk 00:33:17]} {[%emt 00:00:15]} dxc4 {[%clk
00:36:45]} {[%emt 00:03:00]} 14. Nxa6 {[%clk 00:33:08]} {[%emt 00:00:20]} cxb3
{[%clk 00:35:39]} {[%emt 00:01:15]} 15. cxb3 {[%clk 00:32:46]} {[%emt
00:00:33]} e5 {[%clk 00:34:16]} {[%emt 00:01:30]} 16. Nc7 {[%clk 00:31:53]}
{[%emt 00:01:06]} Rb8 {[%clk 00:33:20]} {[%emt 00:01:02]} 17. Bxc6 {[%clk
00:31:40]} {[%emt 00:00:26]} exf4 {[%clk 00:32:40]} {[%emt 00:00:49]} 18. Bg2
{[%clk 00:31:02]} {[%emt 00:00:49]} fxg3 {[%clk 00:31:50]} {[%emt 00:01:01]} 19.
fxg3 {[%clk 00:31:02]} {[%emt 00:00:11]} Rd8 {[%clk 00:31:12]} {[%emt
00:00:46]} 20. Nb5 {[%clk 00:30:10]} {[%emt 00:01:03]} Ng4 {[%clk 00:30:03]}
{[%emt 00:01:14]} 21. Rf3 {[%clk 00:28:03]} {[%emt 00:02:21]} Be6 {[%clk
00:28:21]} {[%emt 00:01:51]} 22. Nxd4 {[%clk 00:25:38]} {[%emt 00:02:38]} Bd5
{[%clk 00:26:02]} {[%emt 00:02:23]} 23. Rd3 {[%clk 00:24:35]} {[%emt 00:01:16]}
Bxg2 {[%clk 00:25:14]} {[%emt 00:01:00]} 24. Kxg2 {[%clk 00:23:49]} {[%emt
00:00:57]} Rxd4 {[%clk 00:24:56]} {[%emt 00:00:27]} 25. Rxd4 {[%clk 00:23:47]}
{[%emt 00:00:13]} Ne3+ {[%clk 00:24:58]} {[%emt 00:00:06]} 26. Kf2 {[%clk
00:23:54]} {[%emt 00:00:05]} Nxd1+ {[%clk 00:24:43]} {[%emt 00:00:24]} 27.
Raxd1 {[%clk 00:24:02]} {[%emt 00:00:02]} g6 {[%clk 00:24:16]} {[%emt
00:00:37]} 28. Rd8+ {[%clk 00:24:05]} {[%emt 00:00:08]} 1-0

[Event "English Schools Championship Final 2024"]
[Site "Nottingham University Kings Meadow Campus, United Kingdom"]
[Date "2024.06.27"]
[Round "3.72"]
[White "Reid, James"]
[Black "Miller, Kai"]
[Result "0-1"]
[TimeControl "G50' + 10\" per move."]
[BlackFideId "489271"]
[WhiteElo "1356"]
[BlackElo "1443"]

1. e4 {[%clk 00:50:18]} e5 {[%clk 00:50:14]} {[%emt 00:00:06]} 2. Nc3 {[%clk
00:50:18]} {[%emt 00:00:10]} Nc6 {[%clk 00:50:09]} {[%emt 00:00:14]} 3. Bc4
{[%clk 00:50:21]} {[%emt 00:00:08]} Nf6 {[%clk 00:50:10]} {[%emt 00:00:09]} 4.
Nf3 {[%clk 00:50:17]} {[%emt 00:00:14]} Nxe4 {[%clk 00:50:10]} {[%emt
00:00:09]} 5. Nxe4 {[%clk 00:50:16]} {[%emt 00:00:10]} d5 {[%clk 00:50:17]}
{[%emt 00:00:04]} 6. Bxd5 {[%clk 00:50:08]} {[%emt 00:00:18]} Qxd5 {[%clk
00:50:20]} {[%emt 00:00:06]} 7. d3 {[%clk 00:47:39]} {[%emt 00:02:40]} Bg4
{[%clk 00:49:07]} {[%emt 00:01:23]} 8. O-O {[%clk 00:45:17]} {[%emt 00:02:31]}
Be7 {[%clk 00:48:11]} {[%emt 00:01:05]} 9. Re1 {[%clk 00:42:42]} {[%emt
00:02:46]} Nd4 {[%clk 00:47:58]} {[%emt 00:00:24]} 10. b3 {[%clk 00:36:36]}
{[%emt 00:06:16]} Nxf3+ {[%clk 00:44:08]} {[%emt 00:04:00]} 11. gxf3 {[%clk
00:36:31]} {[%emt 00:00:14]} Bh3 {[%clk 00:43:59]} {[%emt 00:00:19]} 12. Bb2
{[%clk 00:31:49]} {[%emt 00:04:52]} O-O-O {[%clk 00:40:02]} {[%emt 00:04:07]}
13. Nd2 {[%clk 00:29:19]} {[%emt 00:02:41]} Bd6 {[%clk 00:35:30]} {[%emt
00:04:42]} 14. Nc4 {[%clk 00:27:35]} {[%emt 00:01:53]} f6 {[%clk 00:31:07]}
{[%emt 00:04:32]} 15. Ne3 {[%clk 00:24:37]} {[%emt 00:03:08]} Qf7 {[%clk
00:30:16]} {[%emt 00:01:01]} 16. Nf1 {[%clk 00:21:30]} {[%emt 00:03:17]} Qg6+
{[%clk 00:28:58]} {[%emt 00:01:28]} 17. Ng3 {[%clk 00:21:15]} {[%emt 00:00:26]}
h5 {[%clk 00:28:55]} {[%emt 00:00:14]} 18. Qe2 {[%clk 00:14:51]} {[%emt
00:06:34]} h4 {[%clk 00:28:14]} {[%emt 00:00:51]} 19. Kh1 {[%clk 00:14:53]}
{[%emt 00:00:07]} hxg3 {[%clk 00:28:01]} {[%emt 00:00:22]} 20. fxg3 {[%clk
00:14:53]} {[%emt 00:00:10]} Bd7 {[%clk 00:26:25]} {[%emt 00:01:46]} 21. Qf2
{[%clk 00:14:08]} {[%emt 00:00:55]} Rh7 {[%clk 00:25:12]} {[%emt 00:01:24]} 22.
Qxa7 {[%clk 00:13:24]} {[%emt 00:00:53]} c6 {[%clk 00:24:06]} {[%emt 00:01:15]}
23. Qf2 {[%clk 00:12:05]} {[%emt 00:01:31]} Rdh8 {[%clk 00:23:14]} {[%emt
00:01:02]} 24. h4 {[%clk 00:10:58]} {[%emt 00:01:16]} Qf7 {[%clk 00:20:20]}
{[%emt 00:03:03]} 25. c4 {[%clk 00:10:09]} {[%emt 00:00:59]} g5 {[%clk
00:19:49]} {[%emt 00:00:42]} 0-1

[Event "English Schools Championship Final 2024"]
[Site "Nottingham University Kings Meadow Campus, United Kingdom"]
[Date "2024.06.27"]
[Round "3.73"]
[White "Handa, Yash"]
[Black "Terim, Bartu"]
[Result "0-1"]
[TimeControl "G50' + 10\" per move."]
[BlackFideId "51615614"]
[WhiteElo "1337"]
[BlackElo "1915"]

1. d4 {[%clk 00:50:18]} {[%emt 00:00:02]} Nf6 {[%clk 00:50:15]} {[%emt
00:00:05]} 2. Bf4 {[%clk 00:50:21]} {[%emt 00:00:07]} e6 {[%clk 00:50:23]}
{[%emt 00:00:03]} 3. Nf3 {[%clk 00:50:18]} {[%emt 00:00:13]} c5 {[%clk
00:50:30]} {[%emt 00:00:04]} 4. e3 {[%clk 00:50:19]} {[%emt 00:00:09]} Qb6
{[%clk 00:50:36]} {[%emt 00:00:04]} 5. b3 {[%clk 00:49:38]} {[%emt 00:00:50]}
Nc6 {[%clk 00:50:39]} {[%emt 00:00:08]} 6. c4 {[%clk 00:49:38]} {[%emt
00:00:10]} cxd4 {[%clk 00:50:41]} {[%emt 00:00:08]} 7. exd4 {[%clk 00:49:39]}
{[%emt 00:00:08]} Bb4+ {[%clk 00:50:48]} {[%emt 00:00:04]} 8. Bd2 {[%clk
00:49:29]} {[%emt 00:00:20]} Nxd4 {[%clk 00:50:21]} {[%emt 00:00:38]} 9. Bxb4
{[%clk 00:49:15]} {[%emt 00:00:24]} Qxb4+ {[%clk 00:50:15]} {[%emt 00:00:15]}
10. Nbd2 {[%clk 00:49:17]} {[%emt 00:00:06]} Nxf3+ {[%clk 00:49:50]} {[%emt
00:00:37]} 11. Qxf3 {[%clk 00:49:11]} {[%emt 00:00:16]} d5 {[%clk 00:49:56]}
{[%emt 00:00:05]} 12. Qe3 {[%clk 00:48:39]} {[%emt 00:00:39]} O-O {[%clk
00:49:54]} {[%emt 00:00:13]} 13. cxd5 {[%clk 00:48:45]} {[%emt 00:00:05]} exd5
{[%clk 00:49:53]} {[%emt 00:00:11]} 14. Qd3 {[%clk 00:48:01]} {[%emt 00:00:54]}
Re8+ {[%clk 00:48:35]} {[%emt 00:01:28]} 15. Be2 {[%clk 00:48:02]} {[%emt
00:00:09]} Bg4 {[%clk 00:48:43]} {[%emt 00:00:03]} 16. f3 {[%clk 00:47:56]}
{[%emt 00:00:16]} Bh5 {[%clk 00:48:50]} {[%emt 00:00:03]} 17. O-O {[%clk
00:47:51]} {[%emt 00:00:14]} Bg6 {[%clk 00:48:28]} {[%emt 00:00:33]} 18. Qb5
{[%clk 00:47:24]} {[%emt 00:00:37]} Qxd2 {[%clk 00:48:29]} {[%emt 00:00:09]} 19.
Rfe1 {[%clk 00:47:11]} {[%emt 00:00:22]} Bc2 {[%clk 00:47:50]} {[%emt
00:00:48]} 20. Rac1 {[%clk 00:46:37]} {[%emt 00:00:46]} d4 {[%clk 00:47:40]}
{[%emt 00:00:20]} 21. Qc4 {[%clk 00:46:23]} {[%emt 00:00:24]} d3 {[%clk
00:47:32]} {[%emt 00:00:19]} 22. Bf1 {[%clk 00:46:04]} {[%emt 00:00:26]} Rxe1
{[%clk 00:47:33]} {[%emt 00:00:12]} 23. Rxe1 {[%clk 00:45:54]} {[%emt
00:00:11]} Qxe1 {[%clk 00:47:41]} {[%emt 00:00:11]} 24. h3 {[%clk 00:45:06]}
{[%emt 00:00:58]} d2 {[%clk 00:47:47]} {[%emt 00:00:04]} 25. Qxc2 {[%clk
00:45:00]} {[%emt 00:00:15]} d1=Q {[%clk 00:47:50]} {[%emt 00:00:07]} 26. Qxd1
{[%clk 00:44:39]} {[%emt 00:00:31]} Qxd1 {[%clk 00:47:55]} {[%emt 00:00:06]}
0-1